000 00238nam a2200097 a 4500
005 20200930062711.0
008 110613s2008 000 spa d
245 0 _aExposición De Gaudí a Calatrava.
260 _c[2008?].
999 _c30583
_d30583
040 _aDO-SdBNP